| 000 | 00637 a2200217 4500 | ||
|---|---|---|---|
| 001 | 17117 | ||
| 999 |
_c17117 _d3830 |
||
| 003 | TR-AnTOB | ||
| 005 | 20210407121018.0 | ||
| 008 | 041102s1998 tu tur | ||
| 020 | _a9757306363 | ||
| 041 | _atur | ||
| 050 |
_aTR681 _b.C8 1998 |
||
| 090 | _aTR681 .C8 1998 | ||
| 245 | 0 |
_aCumhuriyet'in aile albümleri / _ced. Oya Baydar , Feride Çiçekoğlu. |
|
| 264 | 1 |
_aİstanbul : _bTarih Vakfı Yurt Yayınları, _c1998 |
|
| 300 |
_a295 p. : _bcol. ill. ; _c30 cm. |
||
| 490 | 0 | _aTarih Vakfı Yurt Yayınları Bilanço '98 Yayın Dizisi | |
| 650 | 7 |
_aAile fotoğrafçılığı _2etuturkob _98630 |
|
| 902 | _a0007752 | ||
| 942 | _cBK | ||